All 1M+ Cities by Letter - N - Statistics

General Stats
  • This quiz has been taken 320 times
    94 since last reset
  • The average score is 17 of 25
Answer Stats
Country (State) Population (Millions) City Name % Correct
Kenya 6 Nairobi
100%
Italy 4.2 Naples
98%
USA (New York) 22.4 New York City
98%
USA (Louisiana) 1.02 New Orleans
92%
USA (Tennessee) 1.46 Nashville
89%
China (Jiangsu) 6.7 Nanjing
88%
Germany 1.21 Nuremberg
88%
United Kingdom 1.47 Newcastle
86%
Japan 10.5 Nagoya
85%
Niger 1.26 Niamey
80%
United Kingdom 1.38 Nottingham
78%
Chad 1.36 N'Djamena
75%
Russia 1.74 Nizhny Novgorod
75%
Mauritania 1.22 Nouakchott
75%
Russia 1.7 Novosibirsk
75%
Brazil 1.4 Natal
60%
China (Guangxi) 3.4 Nanning
58%
India (Maharashtra) 3.2 Nagpur
54%
China (Zhejiang) 3.225 Ningbo
46%
China (Jiangxi) 3.8 Nanchang
40%
India (Maharashtra) 2.025 Nashik
28%
China (Jiangsu) 2.025 Nantong
26%
Japan 1.2 Naha
22%
China (Sichuan) 1.23 Nanchong
18%
China (Henan) 1.24 Nanyang
15%
No matching quizzes found
Score Distribution
Percent of People with Each Score
Percentile by Number Answered
Your Score History
You have not taken this quiz since the last reset